000
00245nam a2200097Ia 4500
082
_a
J 791.40293 MEDI
245
0
_a
Film
100
_a
Medina, Sarah, , 1960- London, 2009
_9
14861
942
_c
BK
008
210816s9999 xx 000 0 und d
999
_c
77450
_d
77449